Za knihami

Bibliographic Details
Format: Article
Language:Slovak
PhysicalDescription:Fotogr.
ISSN:1335-0919
Subjects:

MARC

LEADER 00000nab a2200000 a 4500
001 vtls009299892
003 SK-MaSNL
005 20260304152110.0
008 250506c2008 xo mr|p||| |000 b|slo
015 |a SNBRB2008/06 
035 |a (sysno)vtls009299892 
035 |a urn:nbn:sk:snk-ab701p 
035 |a (uuid)7acacc7d-83f0-4845-a897-06285fdaaec5 
035 |a (urnnbn)urn:nbn:sk:snk:ar-a06dvs 
038 |a SPK 
040 |a SNKBUCL  |b slo  |c SNKBUCL  |e AACR2 
041 0 |a slo 
044 |a xo  |c SK 
072 7 |a 028  |x Čítanie  |2 konspekt 
080 |a 028.6  |2 1997 
245 0 0 |a Za knihami  |c pripravila Jana Borzová 
300 |b Fotogr. 
650 0 7 |a čítanie  |2 snkbucl  |9 1654 
650 0 7 |a deti  |2 snkbucl  |9 773 
650 0 7 |a výchova k čítaniu  |2 snkbucl  |9 71630 
700 1 |a Borzová, Jana,  |4 red  |9 559383 
773 0 |t Dieťa nielen pre rodičov  |g Roč. XIV, č. 3 (2008), s. 86-87  |x 1335-0919 
850 |a Slovenská národná knižnica 
852 |a Slovenská národná knižnica 
856 4 1 |a www.dieta.sk 
954 |a odborná, vedecká literatúra pôvodná (slovenská)  |2 lita 
958 |a article27 
958 |a OND 
958 |a EUIPO 
999 |c 2947229  |d 2949159